00282 a2200109 4500001000700000020000600007040001100013100002600024240005900050245005400109362000900163169800 a  cMagnum aMelo, Jose Augusto de10a3ºintegrado - Pre-universitario/v.1 - matematicalpor10a3ºintegrado - Pre-universitario/v.1 - matematica0 a1899